000
00275nam a22001097a 4500
005
20250505110448.0
008
230530b |||||||| |||| 00| 0 eng d
022
_a
9770972685000
245
_a
THE IUP JOURNAL OF CORPORATE GOVERNANCE
260
_b
IUP PUBLICATION
942
_c
JRL
999
_c
8314
_d
8312